| 000 | 00985nam a2200301 a 4500 | ||
|---|---|---|---|
| 001 | 000110273 | ||
| 003 | CHAP | ||
| 005 | 20220329144125.0 | ||
| 008 | 140808s2013 it a |r| ||||||eng d | ||
| 010 | _a106735 | ||
| 011 | _a107707 | ||
| 020 | _a9789251080313 | ||
| 040 | _cCHAP | ||
| 082 | 0 | 4 |
_a338.18 _bF21y |
| 245 | 1 | 0 |
_aFood and agriculture policy decisions : _bTrends, emerging issues and policy alignments since the 2007/08 food security crisis / _cpor Mulat Demeke ...[et al.]. |
| 260 |
_aRoma : _bFAO, _c2013. |
||
| 300 |
_aviii, 124 p. : _bgráfs. |
||
| 590 |
_aE5995AHE _b05 _c20140808 _lUCH01 _h1140 |
||
| 590 |
_aE5995AHE _b05 _c20140808 _lUCH01 _h1333 |
||
| 650 | 1 | 4 |
_aAgricultura _xAspectos económicos _xAfrica _91198 |
| 650 | 1 | 4 |
_aAgricultura _xAspectos económicos _xAmérica Central _91201 |
| 650 | 1 | 4 |
_aPolítica agrícola. _990283 |
| 650 | 1 | 4 |
_aSeguridad alimentaria. _9103673 |
| 700 | 1 |
_aDemeke, Mulat _9127738 |
|
| 901 | _aBK | ||
| 942 | _cLIBRO | ||
| 942 | _n0 | ||
| 999 |
_c106735 _d106735 |
||